The Errand Boy; Or, How Phil Brent Won Success (Record no. 229813)
[ view plain ]
| 000 -LEADER | |
|---|---|
| fixed length control field | 01354cam a22003853a 4500 |
| 001 - CONTROL NUMBER | |
| control field | 462 |
| 003 - CONTROL NUMBER IDENTIFIER | |
| control field | PGUSA |
| 005 - DATE AND TIME OF LATEST TRANSACTION | |
| control field | 20140828082948.0 |
| 008 - FIXED-LENGTH DATA ELEMENTS--GENERAL INFORMATION | |
| fixed length control field | 060315s2006||||xxu|||||s|||||000 1 eng d |
| 040 ## - CATALOGING SOURCE | |
| Original cataloging agency | PGUSA |
| Language of cataloging | eng |
| 042 ## - AUTHENTICATION CODE | |
| Authentication code | dc |
| 050 #4 - LIBRARY OF CONGRESS CALL NUMBER | |
| Classification number | PZ |
| 050 #4 - LIBRARY OF CONGRESS CALL NUMBER | |
| Classification number | PS |
| 100 1# - MAIN ENTRY--PERSONAL NAME | |
| Personal name | Alger, Horatio, |
| Dates associated with a name | 1832-1899 |
| 245 14 - TITLE STATEMENT | |
| Title | The Errand Boy; Or, How Phil Brent Won Success |
| Medium | [electronic resource] / |
| Statement of responsibility, etc | Horatio Alger |
| 260 ## - PUBLICATION, DISTRIBUTION, ETC. (IMPRINT) | |
| Name of publisher, distributor, etc | Project Gutenberg, |
| Date of publication, distribution, etc | 2006 |
| 505 0# - FORMATTED CONTENTS NOTE | |
| Formatted contents note | The errand boy -- Fred Sargent's revenge -- The smuggler's trap. |
| 506 ## - RESTRICTIONS ON ACCESS NOTE | |
| Terms governing access | Public domain in the USA. |
| 516 ## - TYPE OF COMPUTER FILE OR DATA NOTE | |
| Type of computer file or data note | Electronic text |
| 653 ## - INDEX TERM--UNCONTROLLED | |
| Uncontrolled term | Self-reliance -- Juvenile fiction |
| 653 ## - INDEX TERM--UNCONTROLLED | |
| Uncontrolled term | Inheritance and succession -- Juvenile fiction |
| 653 ## - INDEX TERM--UNCONTROLLED | |
| Uncontrolled term | Diligence -- Juvenile fiction |
| 653 ## - INDEX TERM--UNCONTROLLED | |
| Uncontrolled term | Orphans -- Juvenile fiction |
| 653 ## - INDEX TERM--UNCONTROLLED | |
| Uncontrolled term | Street life -- Juvenile fiction |
| 653 ## - INDEX TERM--UNCONTROLLED | |
| Uncontrolled term | Impostors and imposture -- Juvenile fiction |
| 653 ## - INDEX TERM--UNCONTROLLED | |
| Uncontrolled term | New York (N.Y.) -- History -- 1865-1898 -- Juvenile fiction |
| 653 ## - INDEX TERM--UNCONTROLLED | |
| Uncontrolled term | Fathers and sons -- Juvenile fiction |
| 653 ## - INDEX TERM--UNCONTROLLED | |
| Uncontrolled term | Stepmothers -- Juvenile fiction |
| 653 ## - INDEX TERM--UNCONTROLLED | |
| Uncontrolled term | Success -- Juvenile fiction |
| 653 ## - INDEX TERM--UNCONTROLLED | |
| Uncontrolled term | Youth -- Conduct of life -- Juvenile fiction |
| 653 ## - INDEX TERM--UNCONTROLLED | |
| Uncontrolled term | Conduct of life -- Juvenile fiction |
| 830 #0 - SERIES ADDED ENTRY--UNIFORM TITLE | |
| Uniform title | Project Gutenberg |
| Volume number/sequential designation | 462 |
| 856 40 - ELECTRONIC LOCATION AND ACCESS | |
| Uniform Resource Identifier | <a href="http://www.gutenberg.org/ebooks/462">http://www.gutenberg.org/ebooks/462</a> |
| 942 ## - ADDED ENTRY ELEMENTS (KOHA) | |
| Koha item type | eBooks |
| Withdrawn status | Lost status | Damaged status | Home library | Current library | Date acquired | Total Checkouts | Date last seen | Price effective from | Koha item type |
|---|---|---|---|---|---|---|---|---|---|
| Project Gutenberg | Project Gutenberg | 08/28/2014 | 08/28/2014 | 08/28/2014 | eBooks |